[Event "POL-chT 1st League"]
[Site "Ustron"]
[Date "2003.09.13"]
[Round "8"]
[White "Mazalon, Mariusz"]
[Black "Muc, Tomasz"]
[Result "0-1"]
[WhiteElo "2165"]
[BlackElo "2283"]
[PlyCount "40"]
[EventDate "2003.09.06"]
[EventType "team-tourn"]
[EventRounds "9"]
[EventCountry "POL"]
[SourceTitle "EXT 2005"]
[Source "ChessBase"]
[SourceDate "2004.11.15"]
[SourceVersion "1"]
[SourceVersionDate "2004.11.15"]
[SourceQuality "1"]
[WhiteTeam "Bydgoszcz Chemik"]
[BlackTeam "Szopienice HetMaN"]
[WhiteTeamCountry "POL"]
[BlackTeamCountry "POL"]

1. d4 c6 2. Nf3 d5 3. c4 Nf6 4. Nc3 e6 5. g3 dxc4 6. Bg2 Nbd7 7. 0-0 Be7 8. Qc2 0-0 9. Rd1 Nd5 10. Ne4 b5 11. Neg5 g6 12. h4 N7f6 13. Ne5 Qc7 14. e4 Nb4 15. Qe2 c5 16. Nexf7 Rxf7 17. Nxf7 Kxf7 18. e5 Nfd5 19. h5 cxd4 20. hxg6+ hxg6 0-1

[Event "Balatonlelle op"]
[Site "Balatonlelle"]
[Date "2003.06.22"]
[Round "2"]
[White "Muc, Tomasz"]
[Black "Frink, Ferenc"]
[Result "0-1"]
[WhiteElo "2300"]
[BlackElo "2238"]
[PlyCount "108"]
[EventDate "2003.06.21"]
[EventType "swiss"]
[EventRounds "9"]
[EventCountry "HUN"]
[SourceTitle "EXT 2004"]
[Source "ChessBase"]
[SourceDate "2003.11.25"]
[SourceVersion "1"]
[SourceVersionDate "2003.11.25"]
[SourceQuality "1"]

1. e4 e5 2. Nf3 Nc6 3. Bb5 f5 4. Nc3 fxe4 5. Nxe4 d5 6. Nc3 Bg4 7. h3 Bxf3 8. Qxf3 Nf6 9. d3 Bb4 10. a3 Bxc3+ 11. bxc3 0-0 12. Qe2 Ne7 13. Qxe5 c6 14. Ba4 Qa5 15. Bb3 Ng6 16. Qe6+ Rf7 17. 0-0 Re8 18. Qd6 Qxc3 19. Be3 Nh5 20. Bxa7 Ngf4 21. Be3 Re6 22. Qb4 Ne2+ 23. Kh1 Nhg3+ 24. fxg3 Nxg3+ 25. Kg1 Rxf1+ 26. Rxf1 Qxb4 27. axb4 Nxf1 28. Bf4 Ne3 29. b5 Kf8 30. bxc6 bxc6 31. Kf2 Nf5 32. c3 Ne7 33. Be3 Rf6+ 34. Ke2 Nf5 35. Bf2 Ke8 36. g4 Ne7 37. Bd4 Re6+ 38. Kf2 Ng6 39. Bxg7 Nf4 40. d4 Nxh3+ 41. Kf3 Ng5+ 42. Kf4 Ne4 43. Bc2 Re7 44. Bh8 Nxc3 45. Kg5 Ne4+ 46. Kh6 Re6+ 47. Kh5 Kf7 48. Bd3 Nf6+ 49. Kg5 Ne4+ 50. Kh5 Rg6 51. Be5 Nf6+ 52. Bxf6 Rxf6 53. Bxh7 Rf4 54. Bg6+ Kf8 0-1

[Event "POL-chT 58th 2nd League"]
[Site "Wisla"]
[Date "2002.??.??"]
[Round "?"]
[White "Muc, Tomasz"]
[Black "Sygulski, Boguslaw"]
[Result "1/2-1/2"]
[WhiteElo "2298"]
[BlackElo "2330"]
[PlyCount "26"]
[EventDate "2002.08.30"]
[EventType "team-swiss"]
[EventRounds "11"]
[EventCountry "POL"]
[SourceTitle "EXT 2019"]
[Source "ChessBase"]
[SourceDate "2018.10.10"]
[SourceVersion "1"]
[SourceVersionDate "2018.10.10"]
[SourceQuality "1"]

1. e4 c5 2. c3 d6 3. f4 Nc6 4. Nf3 d5 5. e5 Bg4 6. d3 e6 7. h3 Bxf3 8. Qxf3 Nge7 9. Na3 h5 10. g3 Nf5 11. Bd2 Be7 12. 0-0-0 Qb6 13. Nc2 0-0-0 1/2-1/2

[Event "POL-chT 58th 2nd League"]
[Site "Wisla"]
[Date "2002.??.??"]
[Round "?"]
[White "Przedmojski, Rafal"]
[Black "Muc, Tomasz"]
[Result "1-0"]
[WhiteElo "2396"]
[BlackElo "2298"]
[PlyCount "40"]
[EventDate "2002.08.30"]
[EventType "team-swiss"]
[EventRounds "11"]
[EventCountry "POL"]
[SourceTitle "EXT 2019"]
[Source "ChessBase"]
[SourceDate "2018.10.10"]
[SourceVersion "1"]
[SourceVersionDate "2018.10.10"]
[SourceQuality "1"]

1. d4 f5 2. Bg5 Nf6 3. Bxf6 exf6 4. c4 d5 5. e3 Be6 6. Nc3 dxc4 7. d5 Bf7 8. Bxc4 Nd7 9. Nge2 Bb4 10. 0-0 0-0 11. Qd4 Qe7 12. Rfd1 Bc5 13. Qd2 Rad8 14. Bb3 a6 15. Nd4 Bxd4 16. Qxd4 Qd6 17. Bc2 g6 18. b4 Ne5 19. h3 Qe7 20. Bb3 Rd6 1-0

[Event "POL-chT 58th 2nd League"]
[Site "Wisla"]
[Date "2002.??.??"]
[Round "?"]
[White "Walach, Marcin"]
[Black "Muc, Tomasz"]
[Result "1/2-1/2"]
[WhiteElo "2253"]
[BlackElo "2298"]
[PlyCount "40"]
[EventDate "2002.08.30"]
[EventType "team-swiss"]
[EventRounds "11"]
[EventCountry "POL"]
[SourceTitle "EXT 2019"]
[Source "ChessBase"]
[SourceDate "2018.10.10"]
[SourceVersion "1"]
[SourceVersionDate "2018.10.10"]
[SourceQuality "1"]

1. c4 e5 2. Nc3 d6 3. e3 Nc6 4. d4 g6 5. Nf3 Bg7 6. Be2 Nge7 7. d5 Nb8 8. h4 h6 9. e4 f5 10. h5 g5 11. exf5 Bxf5 12. Bd3 Nd7 13. Bxf5 Nxf5 14. Qd3 Rf8 15. Be3 Qe7 16. 0-0-0 Nxe3 17. fxe3 Nc5 18. Qg6+ Qf7 19. Qc2 0-0-0 20. Rdf1 Qf5 1/2-1/2

[Event "POL-chT2 South"]
[Site "Ustron"]
[Date "2001.09.??"]
[Round "?"]
[White "Muc, Tomasz"]
[Black "Szczechowicz, Bartosz"]
[Result "1/2-1/2"]
[WhiteElo "2313"]
[BlackElo "2298"]
[PlyCount "101"]
[EventDate "2001.09.14"]
[EventType "team-swiss"]
[EventRounds "10"]
[EventCountry "POL"]
[SourceTitle "EXT 2019"]
[Source "ChessBase"]
[SourceDate "2018.10.10"]
[SourceVersion "1"]
[SourceVersionDate "2018.10.10"]
[SourceQuality "1"]

1. e4 c6 2. d4 d5 3. e5 Bf5 4. h4 h5 5. c4 e6 6. Nc3 Nd7 7. Qb3 Qb6 8. c5 Qc7 9. Nge2 Bxc5 10. Be3 Be7 11. Ng3 Bg6 12. Nce2 Nh6 13. Nf4 Nf5 14. Bd3 Nxg3 15. Nxg6 Nxh1 16. Nxh8 Bxh4 17. Nxf7 Kxf7 18. Qd1 Rh8 19. Qf3+ Ke8 20. Qh3 Bxf2+ 21. Bxf2 Qa5+ 22. Ke2 Nxf2 23. Qxe6+ Kd8 24. Bf5 Qc7 25. Kxf2 Nf8 26. Qd6+ Qxd6 27. exd6 Nd7 28. Kg3 Rh6 29. Rh1 Rxd6 30. Rxh5 g6 31. Rh6 Nf8 32. Kh4 Rf6 33. g4 Ke7 34. Bc8 b6 35. Bb7 Kd6 36. Kg5 Rf2 37. Rh8 c5 38. dxc5+ Kxc5 39. b3 d4 40. Be4 d3 41. Rxf8 Rxf8 42. Bxd3 Kd4 43. Bc4 Ke5 44. Kxg6 Kf4 45. Be6 Re8 46. Kf6 Rf8+ 47. Kg7 Rd8 48. Kf6 Rf8+ 49. Kg7 Rd8 50. Kf6 Rf8+ 51. Kg7 1/2-1/2

[Event "POL-chT2 South"]
[Site "Ustron"]
[Date "2001.09.??"]
[Round "?"]
[White "Tymrakiewicz, Rafal"]
[Black "Muc, Tomasz"]
[Result "0-1"]
[WhiteElo "2234"]
[BlackElo "2313"]
[PlyCount "80"]
[EventDate "2001.09.14"]
[EventType "team-swiss"]
[EventRounds "10"]
[EventCountry "POL"]
[SourceTitle "EXT 2019"]
[Source "ChessBase"]
[SourceDate "2018.10.10"]
[SourceVersion "1"]
[SourceVersionDate "2018.10.10"]
[SourceQuality "1"]

1. Nf3 f5 2. d4 Nf6 3. c4 e6 4. g3 Be7 5. d5 0-0 6. Bg2 Na6 7. 0-0 Nc5 8. Nc3 Nce4 9. Nxe4 Nxe4 10. Nd4 c5 11. Nc2 Nd6 12. Qd3 e5 13. f3 b6 14. e4 Ba6 15. Na3 Qe8 16. exf5 Nxf5 17. f4 Bd6 18. fxe5 Qxe5 19. Bf4 Qxb2 20. Rab1 Qd4+ 21. Qxd4 cxd4 22. Bxd6 Nxd6 23. Rxf8+ Rxf8 24. Bf1 Rf3 25. Nb5 Nxb5 26. cxb5 Bb7 27. Rb4 Bxd5 28. Rxd4 Be6 29. a4 Kf8 30. Bd3 Ke7 31. Bxh7 Kf6 32. Bc2 Ke5 33. Rd2 Bh3 34. Rd1 d5 35. Bd3 d4 36. Be2 Ra3 37. Kf2 Ra2 38. Ke1 Ke4 39. Bd3+ Ke3 40. Bb1 Re2# 0-1

[Event "POL-chT 2nd League South"]
[Site "Wisla"]
[Date "1998.??.??"]
[Round "?"]
[White "Muc, Tomasz"]
[Black "Szopka, Dariusz"]
[Result "1-0"]
[WhiteElo "2240"]
[BlackElo "2215"]
[PlyCount "78"]
[EventDate "1998.11.20"]
[EventType "team-swiss"]
[EventRounds "10"]
[EventCountry "POL"]
[SourceTitle "EXT 2000"]
[Source "ChessBase"]
[SourceDate "1999.11.16"]
[SourceVersion "1"]
[SourceVersionDate "1999.11.16"]
[SourceQuality "1"]

1. e4 d5 2. exd5 Qxd5 3. Nc3 Qa5 4. Nf3 Nf6 5. Qe2 Nc6 6. h3 Bf5 7. d3 0-0-0 8. g4 Bg6 9. Bg2 e5 10. 0-0 h5 11. g5 Ng4 12. hxg4 hxg4 13. Nh2 Nd4 14. Qxg4+ Bf5 15. Qd1 Bd6 16. Ne4 Rh7 17. c3 Nc6 18. b4 Qa6 19. a4 Rdh8 20. b5 Qa5 21. Nxd6+ cxd6 22. bxc6 Rxh2 23. Qb3 bxc6 24. Qxf7 Rxg2+ 25. Kxg2 Bh3+ 26. Kg1 Bxf1 27. Qe6+ Kc7 28. Ba3 c5 29. Qe7+ Kc6 30. Rxf1 Qxa4 31. c4 Qxa3 32. Rb1 Qa6 33. Qxg7 Qc8 34. f3 Rg8 35. Qe7 Qc7 36. Qe6 Rxg5+ 37. Kf2 Rg7 38. Qd5+ Kd7 39. Rb7 Kc8 1-0

[Event "POL-chT reg"]
[Site "Poland"]
[Date "1995.??.??"]
[Round "?"]
[White "Malecki, Rafal"]
[Black "Muc, Tomasz"]
[Result "0-1"]
[WhiteElo "2170"]
[BlackElo "2240"]
[PlyCount "76"]
[EventDate "1995.??.??"]
[EventType "team-tourn"]
[EventRounds "11"]
[EventCountry "POL"]
[SourceTitle "EXT 2001"]
[Source "ChessBase"]
[SourceDate "2000.11.22"]
[SourceVersion "1"]
[SourceVersionDate "2000.11.22"]
[SourceQuality "1"]

1. e4 c6 2. Nf3 d5 3. Nc3 dxe4 4. Nxe4 Nf6 5. Ng3 g6 6. d4 Bg7 7. Be2 Na6 8. 0-0 Nc7 9. c3 Ne6 10. Ne5 Nd5 11. f4 Qb6 12. Kh1 f6 13. Nd3 f5 14. Ne5 Bxe5 15. fxe5 Bd7 16. c4 Nb4 17. a3 Na6 18. d5 cxd5 19. cxd5 Nec7 20. d6 exd6 21. exd6 Ne6 22. b4 0-0-0 23. Bb2 Rhf8 24. Bc4 Kb8 25. Be5 Ka8 26. Ne2 Qe3 27. Bg3 Nb8 28. Rf3 Qb6 29. Bf2 Qc6 30. Bd5 Qa6 31. a4 Ng5 32. b5 Qa5 33. Be1 Qb6 34. Bf2 Qa5 35. Rb3 Be6 36. Be1 Qb6 37. a5 Qxd6 38. Nc3 Bxd5 0-1

[Event "POL-chT reg"]
[Site "Poland"]
[Date "1995.??.??"]
[Round "?"]
[White "Muc, Tomasz"]
[Black "Waniek, Erwin"]
[Result "1-0"]
[WhiteElo "2240"]
[BlackElo "2055"]
[PlyCount "119"]
[EventDate "1995.??.??"]
[EventType "team-tourn"]
[EventRounds "11"]
[EventCountry "POL"]
[SourceTitle "EXT 2001"]
[Source "ChessBase"]
[SourceDate "2000.11.22"]
[SourceVersion "1"]
[SourceVersionDate "2000.11.22"]
[SourceQuality "1"]

1. e4 g6 2. d4 Bg7 3. Nc3 c5 4. d5 d6 5. Nge2 a6 6. a4 Nf6 7. g3 h5 8. h3 Nbd7 9. Bg2 Rb8 10. Bf4 b5 11. axb5 axb5 12. Qc1 b4 13. Nd1 Nb6 14. Ne3 Nfd7 15. 0-0 Ne5 16. Bxe5 dxe5 17. c3 b3 18. c4 Bd7 19. Ra3 Nc8 20. Qc3 0-0 21. Rxb3 Nd6 22. Rxb8 Qxb8 23. f3 f5 24. Nd1 Qb6 25. Nc1 f4 26. g4 g5 27. b3 Bf6 28. Rf2 Ra8 29. Ra2 Rxa2 30. Nxa2 Qa7 31. Nc1 Kg7 32. Qd2 hxg4 33. hxg4 Qa3 34. Qb2 Qb4 35. Nd3 Qa5 36. Nc3 Be8 37. Nb1 Qb6 38. Qa2 Bd7 39. Nd2 Be8 40. Bf1 Bd7 41. Kg2 Qc7 42. Qa3 Qc8 43. Qxc5 Bxg4 44. Qxc8 Bxc8 45. Be2 Kf7 46. c5 Ne8 47. b4 Nc7 48. Nb2 Ba6 49. Bxa6 Nxa6 50. Nd3 Nc7 51. Kh3 Nb5 52. Nc4 Nd4 53. Kg4 Nc2 54. b5 Ke8 55. b6 Kd8 56. c6 Kc8 57. Nc5 Nb4 58. c7 Nc2 59. d6 Ne3+ 60. Kh5 1-0

[Event "POL-ch U18"]
[Site "Czestochowa"]
[Date "1992.??.??"]
[Round "9"]
[White "Kempinski, Robert"]
[Black "Muc, Tomasz"]
[Result "0-1"]
[WhiteElo "2315"]
[BlackElo "2245"]
[PlyCount "92"]
[EventDate "1992.??.??"]
[EventType "tourn"]
[EventRounds "11"]
[EventCountry "POL"]
[EventCategory "2"]
[SourceTitle "EXT 2002"]
[Source "ChessBase"]
[SourceDate "2001.11.25"]
[SourceVersion "1"]
[SourceVersionDate "2001.11.25"]
[SourceQuality "1"]

1. Nf3 Nf6 2. c4 e6 3. g3 d5 4. Bg2 Be7 5. 0-0 0-0 6. b3 Nbd7 7. Bb2 c6 8. d3 Re8 9. Nbd2 b6 10. e3 Bb7 11. Qe2 Rc8 12. Rad1 Bf8 13. Ne1 e5 14. f4 exf4 15. gxf4 Qe7 16. e4 dxe4 17. dxe4 Nc5 18. e5 Rcd8 19. Nc2 g6 20. Nd4 Qc7 21. Qf3 Nh5 22. Ne4 Nxe4 23. Qxe4 Ba8 24. Qe2 Bh6 25. Qg4 Qc8 26. Qh4 c5 27. Nf5 Bf8 28. Ne3 Bxg2 29. Kxg2 b5 30. f5 Rxd1 31. Rxd1 bxc4 32. Qxc4 Rd8 33. f6 Rxd1 34. Nxd1 Qd7 35. Nf2 Qd2 36. Bc3 Qg5+ 37. Qg4 Qe3 38. Bb2 Nf4+ 39. Kf1 Nd3 40. Qe2 Qxe2+ 41. Kxe2 Nxb2 42. Kd2 Bh6+ 43. Kc2 Be3 44. Ne4 Bd4 45. h3 Bxe5 46. Nxc5 Bxf6 0-1

[Event "POL-ch U18"]
[Site "Czestochowa"]
[Date "1992.??.??"]
[Round "5"]
[White "Muc, Tomasz"]
[Black "Oliwa, Marek"]
[Result "0-1"]
[WhiteElo "2245"]
[BlackElo "2235"]
[PlyCount "74"]
[EventDate "1992.??.??"]
[EventType "tourn"]
[EventRounds "11"]
[EventCountry "POL"]
[EventCategory "2"]
[SourceTitle "EXT 2002"]
[Source "ChessBase"]
[SourceDate "2001.11.25"]
[SourceVersion "1"]
[SourceVersionDate "2001.11.25"]
[SourceQuality "1"]

1. e4 Nf6 2. e5 Nd5 3. d4 d6 4. c4 Nb6 5. f4 dxe5 6. fxe5 Nc6 7. Be3 Bf5 8. Nc3 e6 9. Nf3 Qd7 10. Be2 0-0-0 11. h3 f6 12. exf6 gxf6 13. Qd2 h5 14. Rd1 Qg7 15. Rg1 Nb4 16. Kf1 Nc2 17. Bf2 Qh7 18. Nb5 a6 19. Na3 Bb4 20. Qc1 e5 21. d5 e4 22. Nh4 e3 23. Bxe3 Rhe8 24. Bf4 Be4 25. Nf3 Bc5 26. Rh1 Nxa3 27. bxa3 Rg8 28. g3 Rde8 29. Qc3 f5 30. Rh2 h4 31. Nxh4 Qxh4 32. Be3 Bxe3 33. Qxe3 Rxg3 34. Qf2 Reg8 35. d6 Rg1+ 36. Qxg1 Rxg1+ 37. Kxg1 Qg3+ 0-1

[Event "POL-chT 47th"]
[Site "Mikolajki"]
[Date "1991.09.??"]
[Round "6"]
[White "Muc, Tomasz"]
[Black "Robaszek, Janusz"]
[Result "1-0"]
[WhiteElo "2245"]
[BlackElo "2205"]
[PlyCount "109"]
[EventDate "1991.09.20"]
[EventType "team-swiss"]
[EventRounds "9"]
[EventCountry "POL"]
[SourceTitle "EXT 2019"]
[Source "ChessBase"]
[SourceDate "2018.10.10"]
[SourceVersion "1"]
[SourceVersionDate "2018.10.10"]
[SourceQuality "1"]
[WhiteTeam "Myslowice Gornik 09"]
[BlackTeam "Czestochowa Skra-Komobex"]
[WhiteTeamCountry "POL"]
[BlackTeamCountry "POL"]

1. e4 e5 2. Nf3 Nc6 3. Bb5 Bc5 4. 0-0 Nd4 5. Nxd4 Bxd4 6. c3 Bb6 7. d4 c6 8. Bc4 d6 9. Qd3 Ne7 10. Bg5 h6 11. Be3 0-0 12. Nd2 d5 13. Bb3 dxe4 14. Nxe4 exd4 15. cxd4 Nd5 16. Nc3 Be6 17. Bc2 f5 18. a3 Nf6 19. Rfe1 Qd7 20. Rad1 Rae8 21. Bf4 Nd5 22. Be5 Nxc3 23. bxc3 Qf7 24. Bd6 Bc4 25. Rxe8 Rxe8 26. Qxf5 Qxf5 27. Bxf5 Ba5 28. Be5 b5 29. Rc1 Bd5 30. f3 Bb6 31. Re1 a5 32. Bg3 Rxe1+ 33. Bxe1 c5 34. Bf2 cxd4 35. Bd3 Bc4 36. Bxc4+ bxc4 37. Kf1 Kf7 38. cxd4 Ke7 39. a4 Kd6 40. Ke2 Kd5 41. Be1 Bc7 42. Bc3 Bxh2 43. Bxa5 Kxd4 44. Bb6+ Kd5 45. a5 Be5 46. a6 Kc6 47. Bc5 Bf4 48. Bd4 g6 49. Kd1 Bd6 50. Kd2 Bb4+ 51. Ke3 Bd6 52. Ke4 Bc7 53. Bc5 Bg3 54. a7 Kb7 55. Kd4 1-0

[Event "POL-chT 47th"]
[Site "Mikolajki"]
[Date "1991.09.??"]
[Round "8"]
[White "Wach, Slawomir"]
[Black "Muc, Tomasz"]
[Result "0-1"]
[WhiteElo "2280"]
[BlackElo "2245"]
[PlyCount "60"]
[EventDate "1991.09.20"]
[EventType "team-swiss"]
[EventRounds "9"]
[EventCountry "POL"]
[SourceTitle "EXT 2019"]
[Source "ChessBase"]
[SourceDate "2018.10.10"]
[SourceVersion "1"]
[SourceVersionDate "2018.10.10"]
[SourceQuality "1"]
[WhiteTeam "Warszawa Maraton"]
[BlackTeam "Myslowice Gornik 09"]
[WhiteTeamCountry "POL"]
[BlackTeamCountry "POL"]

1. Nf3 Nf6 2. c4 e6 3. g3 d5 4. Bg2 Be7 5. 0-0 0-0 6. d4 c6 7. Nbd2 Nbd7 8. Qc2 Re8 9. Rd1 b6 10. e4 dxe4 11. Nxe4 Nxe4 12. Qxe4 Bb7 13. Bf4 Qc8 14. Qc2 Nf6 15. Ne5 c5 16. d5 exd5 17. cxd5 Bd6 18. Nc4 Bxf4 19. gxf4 Qg4 20. Nd6 Re2 21. Qc4 Bc8 22. b4 Bd7 23. bxc5 bxc5 24. h3 Qh5 25. Qd3 Rb2 26. Nc4 Bf5 27. Qc3 Rc2 28. Qb3 Qe2 29. Ne3 Qxf2+ 30. Kh1 Re2 0-1

[Event "POL-chB"]
[Site "Bielsko Biala"]
[Date "1991.??.??"]
[Round "9"]
[White "Jurkiewicz, Krzysztof"]
[Black "Muc, Tomasz"]
[Result "1/2-1/2"]
[WhiteElo "2235"]
[BlackElo "2275"]
[PlyCount "120"]
[EventDate "1991.??.??"]
[EventType "swiss"]
[EventRounds "11"]
[EventCountry "POL"]
[SourceTitle "EXT 1997"]
[Source "ChessBase"]
[SourceDate "1996.11.15"]
[SourceVersion "1"]
[SourceVersionDate "1996.11.15"]
[SourceQuality "1"]

1. c4 e5 2. Nc3 d6 3. g3 Nc6 4. Bg2 g6 5. d3 Bg7 6. Nd5 Be6 7. Qa4 Qd7 8. Nf3 h6 9. Bd2 Nge7 10. Nxe7 Nxe7 11. Qxd7+ Kxd7 12. Bc3 Rhg8 13. Nd2 Rab8 14. a4 f5 15. h4 d5 16. b4 b6 17. b5 dxc4 18. Nxc4 Bxc4 19. dxc4 e4 20. Bxg7 Rxg7 21. f3 exf3 22. Bxf3 Nc8 23. c5 Ke6 24. Kf2 Rd7 25. Rhc1 Ne7 26. a5 h5 27. Rc4 Ke5 28. Ra2 Rbd8 29. axb6 axb6 30. Ra7 bxc5 31. Rxc5+ Kd6 32. Rc4 Rb8 33. Bc6 Nxc6 34. Rxc6+ Kd5 35. Rxg6 Rxb5 36. Rf6 Ke4 37. Rc6 Ke5 38. Rcxc7 Rxc7 39. Rxc7 f4 40. Re7+ Kf6 41. Re4 fxg3+ 42. Kxg3 Rb3+ 43. e3 Rb1 44. Rf4+ Ke5 45. Ra4 Rg1+ 46. Kf2 Rb1 47. Ra5+ Ke4 48. Rxh5 Rb2+ 49. Kg3 Kxe3 50. Re5+ Kd4 51. Re1 Kd5 52. h5 Rb6 53. Kg4 Rb2 54. Rh1 Ke6 55. h6 Rg2+ 56. Kf4 Rf2+ 57. Kg3 Rf8 58. Kg4 Kf7 59. Rf1+ Ke7 60. Ra1 Kf7 1/2-1/2